000 01611nam a2200397Ia 4500
001 ebr10654803
003 CaPaEBR
006 m u
007 cr cn|||||||||
008 100107s2010 nyu sb 001 0 eng d
010 _z 2009051294
020 _z1616680113 (hardcover)
020 _z9781616680114 (hardcover)
020 _z9781619423381
040 _aCaPaEBR
_cCaPaEBR
035 _a(OCoLC)767671069
050 1 4 _aHQ799.2.V56
_bY655 2010eb
082 0 4 _a364.36
_222
245 0 0 _aYouth violence and juvenile justice
_h[electronic resource] :
_bcauses, intervention and treatment programs /
_cNeil A. Ramsay and Colin R. Morrison, editors.
260 _aHauppauge, NY :
_bNova Science Publisher's,
_c2010.
300 _axv, 353 p.
490 0 _aSocial issues, justice and status series
504 _aIncludes bibliographical references and index.
533 _aElectronic reproduction.
_bPalo Alto, Calif. :
_cebrary,
_d2013.
_nAvailable via World Wide Web.
_nAccess may be limited to ebrary affiliated libraries.
650 0 _aYouth and violence.
650 0 _aYouth and violence
_xPrevention.
650 0 _aJuvenile delinquency
_xPrevention.
650 0 _aJuvenile justice, Administration of.
650 0 _aJuvenile delinquents
_xRehabilitation.
650 0 _aProblem youth
_xRehabilitation
_zUnited States.
655 7 _aElectronic books.
_2local
700 1 _aRamsay, Neil A.
700 1 _aMorrison, Colin R.
710 2 _aebrary, Inc.
856 4 0 _uhttp://site.ebrary.com/lib/rucke/Doc?id=10654803
_zAn electronic book accessible through the World Wide Web; click to view
999 _c76892
_d76892